<?xml version="1.0" encoding="UTF-8"?>
<record
    xmlns:xsi="http://www.w3.org/2001/XMLSchema-instance"
    xsi:schemaLocation="http://www.loc.gov/MARC21/slim http://www.loc.gov/standards/marcxml/schema/MARC21slim.xsd"
    xmlns="http://www.loc.gov/MARC21/slim">

  <leader>00584nam a22001697a 4500</leader>
  <datafield tag="999" ind1=" " ind2=" ">
    <subfield code="c">289459</subfield>
    <subfield code="d">289459</subfield>
  </datafield>
  <controlfield tag="003">OSt</controlfield>
  <datafield tag="020" ind1=" " ind2=" ">
    <subfield code="a">9789391328597</subfield>
  </datafield>
  <datafield tag="082" ind1=" " ind2=" ">
    <subfield code="a">305.433</subfield>
    <subfield code="b">SID/KA</subfield>
  </datafield>
  <datafield tag="100" ind1=" " ind2=" ">
    <subfield code="a">Siddik Rabiyath</subfield>
  </datafield>
  <datafield tag="245" ind1=" " ind2=" ">
    <subfield code="a">Kadalaalarude jeevanavum athijeevanavum</subfield>
    <subfield code="b">/&#xD15;&#xD1F;&#xD32;&#xD3E;&#xD33;&#xD30;&#xD41;&#xD1F;&#xD46; &#xD1C;&#xD40;&#xD35;&#xD28;&#xD35;&#xD41;&#xD02; &#xD05;&#xD24;&#xD3F;&#xD1C;&#xD40;&#xD35;&#xD28;&#xD35;&#xD41;&#xD02;</subfield>
  </datafield>
  <datafield tag="260" ind1=" " ind2=" ">
    <subfield code="a">Thiruvananthapuram</subfield>
    <subfield code="b">The State Institute of Languages</subfield>
    <subfield code="c">2021</subfield>
  </datafield>
  <datafield tag="300" ind1=" " ind2=" ">
    <subfield code="a">195p.</subfield>
  </datafield>
  <datafield tag="500" ind1=" " ind2=" ">
    <subfield code="a">&#xD15;&#xD1F;&#xD32;&#xD3E;&#xD33;&#xD30;&#xD41;&#xD1F;&#xD46; &#xD1C;&#xD40;&#xD35;&#xD28;&#xD35;&#xD41;&#xD02; &#xD05;&#xD24;&#xD3F;&#xD1C;&#xD40;&#xD35;&#xD28;&#xD35;&#xD41;&#xD02;</subfield>
  </datafield>
  <datafield tag="546" ind1=" " ind2=" ">
    <subfield code="a">Malayalam</subfield>
  </datafield>
  <datafield tag="650" ind1=" " ind2=" ">
    <subfield code="a">Fishing community</subfield>
  </datafield>
  <datafield tag="942" ind1=" " ind2=" ">
    <subfield code="2">ddc</subfield>
    <subfield code="c">BK</subfield>
  </datafield>
  <datafield tag="952" ind1=" " ind2=" ">
    <subfield code="0">0</subfield>
    <subfield code="1">0</subfield>
    <subfield code="2">ddc</subfield>
    <subfield code="4">0</subfield>
    <subfield code="7">0</subfield>
    <subfield code="8">Gen</subfield>
    <subfield code="a">KAUCLV</subfield>
    <subfield code="b">KAUCLV</subfield>
    <subfield code="c">GENERAL</subfield>
    <subfield code="d">2022-05-11</subfield>
    <subfield code="g">210.00</subfield>
    <subfield code="l">0</subfield>
    <subfield code="o">305.433 SID/KA</subfield>
    <subfield code="p">232016</subfield>
    <subfield code="r">2022-05-11 00:00:00</subfield>
    <subfield code="y">BK</subfield>
  </datafield>
</record>
